Largest European Cities Beginning with the Letter A - Map Quiz - Statistics

General Stats
  • This quiz has been taken 81 times
  • The average score is 9 of 20
Answers on the Map
Answers color-coded by a green-red scale on the quiz's map according to % correct below.
 
Answer Stats
Population
Country City % Correct
637798 Greece Athens
99%
882633 Netherlands Amsterdam
97%
544759 Belgium Antwerp
94%
198590 United Kingdom Aberdeen
86%
269022 Denmark Aarhus
76%
249069 Germany Aachen
69%
328648 Spain Alicante
60%
346979 Russia Arkhangelsk
53%
301033 Germany Augsburg
51%
244850 Spain A Coruna
43%
194203 Spain Almeria
38%
157577 France Angers
29%
171390 Spain Albacete
28%
207512 Netherlands Almere
25%
159704 Romania Arad
22%
195649 Spain Alcala de Henares
14%
175135 Portugal Amadora
14%
168523 Spain Alcorcon
13%
174030 Portugal Almada
7%
188960 Russia Armavir
6%
No matching quizzes found
Score Distribution
Percent of People with Each Score
Percentile by Number Answered
Your Score History
You have not taken this quiz